Revolverové soustruhy /
Gespeichert in:
| 1. Verfasser: | |
|---|---|
| Format: | Buch |
| Sprache: | Tschechisch |
| Veröffentlicht: |
Praha :
SNTL,
1960
|
| Schlagworte: | |
| Tags: |
Keine Tags, Fügen Sie das erste Tag hinzu!
|
MARC
| LEADER | 00000nam a22000003a 4500 | ||
|---|---|---|---|
| 001 | stu38020 | ||
| 005 | 20150617225728.3 | ||
| 008 | 920902s1960----cs------------------cze-d | ||
| 040 | |a STU |b slo | ||
| 041 | 0 | |a cze | |
| 044 | |a cs | ||
| 080 | |a 621.941.23 | ||
| 100 | 1 | |a Koubek, Antonín |4 aut | |
| 245 | 1 | |a Revolverové soustruhy / |c [aut.]Antonín Koubek | |
| 260 | |a Praha : |b SNTL, |c 1960 | ||
| 300 | |a 110 s | ||
| 650 | 7 | |a Sústruhy revolverové |2 stusub | |
| 996 | |b 284M015828 |c M*3781-1 |l MMKN |s A |a 24 |w stu38020_0001 | ||